00714 2200265 4500001002100000005001500021035002000036007000300056008004100059020002200100082000800122084001400130100005000144245005800194250002000252300002400272264003800296336002100334337003000355338002300385990001000408990001000418990001000428990001000438INLIS00000000000144020250414013421 a0010-0425000132ta250414 1  a978-979-788-475-8 a741 a741 CHR s0 aChristopher Holley, Putra AnugyasaePengarang1 aSang Peri Kumis /cChristopher Holley, Putra Anugyasa acetakan pertama a56 halaman ;c18 cm aJakarta :bPenebar Swadaya,c2019 2rdacontentateks 2rdamediaatanpa perantara 2rdacarrieravolume a3949A a3946A a3947A a3948A